000 00235nam a2200097Ia 4500
001 645926
005 20250826153633.0
008 250824s9999 xx 000 0 und d
245 0 _aYALAN DÜNYALAR
_cSIMON PACKHAM
260 _bGENÇ TİMAŞ
999 _c645926
_d645926